000 00687nam a2200289Ia 4500
005 20260324113353.0
008 008 260324s9999 xx 000 0 eng d
020 _a9781003267423
037 _aEBOOK
040 _aCRL
040 _beng
040 _cCRL
041 _2eng
041 _aeng
084 _qCRL
100 _aJ. Michael Martinez
_91146505
245 0 _aPublic Service Exemplars
245 2 _bA Finer Spirit of Hope and Achievement
260 _bTaylor and Francis
260 _c2024
365 _a
365 _b230
856 _uhttp://www.taylorfrancis.com/books/9781003267423
942 _cEBOOK
999 _c1736114
_d1736114